000 00726nam a22002177a 4500
003 OSt
005 20230925100926.0
008 221006b |||||||| |||| 00| 0 eng d
040 _cLado V
082 _a700.74
_bH557b
100 _91021
_aHernández, Miguel
_eautor
245 _aXLVII BIENAL INTERNACIONAL DE ARTE DE VENECIA/
260 _bPalazzo Querini Stampalia
_c1997
_aVENECIA
300 _c22x28cm
_a3p.
366 _espa
650 _2Tesauro de Arte & Arquitectura
_aARTE
_9703
650 _2Tesauro de Arte & Arquitectura
_aCOLECCION
_9702
650 _2Tesauro de Arte & Arquitectura
_aTEORIA
_9703
650 _2Tesauro de Arte & Arquitectura
_aFOLLETO
942 _2ddc
_c1
_h700.74
_iH557b
_n0
999 _c4386
_d4386